LEADER 01569nam a2200289 u 4500 001 000000066237 003 CaOOAMICUS 005 20070226121543.0 008 020109s1857 fr u000 u fre u 035 $a10915804 040 $aPUL(R)$bita 041 1 $afre$hita 100 1 $aTaparelli, Luigi,$cS.I.,$d1793-1862.$0(OLS)http://pul/name/8548 240 10$aSaggio teoretico di diritto naturale appoggiato sul fatto.$lFrancese.$0(OLS)http://pul/title/87979 245 10$aEssai théorique de droit naturel :$bbasé sur les faits /$cpar le R. P. Taparelli D'Azeglio. 260 $aParis :$bCasterman,$c1857. 300 $a4 v. ;$c24 cm 504 $aBibliografia in nota. 650 4$aDiritto naturale$xStudi.$0(OLS)http://pul/subject/21710 850 $aPUL 852 $aPUL$W1$xDP1 Antico 800$y27$m96 C 4-7$j85626$nBK-PRI$b $qStampati Antico$B85626$CPULBib$Z2$F85626 $H $81 852 $aPUL$W1$xDP1 Antico 800$y27$m96 C 4-7$j85626$nBK-PRI$b $qStampati Antico$B85627$CPULBib$Z2$F85627 $H $81 852 $aPUL$W1$xDP1 Antico 800$y27$m96 C 4-7$j85626$nBK-PRI$b $qStampati Antico$B85628$CPULBib$Z2$F85628 $H $81 852 $aPUL$W1$xDP1 Antico 800$y27$m96 C 4-7$j85626$nBK-PRI$b $qStampati Antico$B85629$CPULBib$Z2$F85629 $H $81 941 1 $a15 996 $6245$aEssai théorique de droit naturel :$bbasé sur les faits$9(OLS)http://pul/title/87980 996 $6260$aParis :$bCasterman$9(OLS)http://pul/publisher/51739 LEADER 00886nam a2200217 u 4500 001 000000085309 003 CaOOAMICUS 005 20070226124155.0 008 050805s1947 it af u000 u ita u 035 $a11057177 040 $aPUL(R)$bita 100 1 $aGuerrisi, Michele,$d1893-$0(OLS)http://pul/name/56048 245 14$aIl "Giudizio" di Michelangelo /$cMichele Guerrisi. 260 $aRoma :$bAnonima Veritas,$c1947. 300 $a135 p., [17] p. di tav. :$bill. ;$c21 cm 600 04$aMichelangelo Buonarroti,$d1475-1564.$0(OLS)http://pul/subject/15656 850 $aPUL 852 $aPUL$W1$xDP1 Fondo Cecchetti$y53$m281 G 11$j108405$nBK-PRI$b $qFondi$B108405$CPULBib$Z2$F108405 $HPUL4765 $81 941 1 $a1 996 $6245$aIl "Giudizio" di Michelangelo$9(OLS)http://pul/title/110727 996 $6260$aRoma :$bAnonima Veritas$9(OLS)http://pul/publisher/55315